Normal view
MARC view
Entry Personal Name
001 - CONTROL NUMBER
- control field: 2102
003 - CONTROL NUMBER IDENTIFIER
- control field: OSt
005 - DATE AND TIME OF LATEST TRANSACTION
- control field: 20211105132256.0
008 - FIXED-LENGTH DATA ELEMENTS
- fixed length control field: 211105|| aca||aabn | a|a d
040 ## - CATALOGING SOURCE
- Original cataloging agency: OSt
- Transcribing agency: OSt
100 ## - HEADING--PERSONAL NAME
- Personal name: Monckhoven, Van D
670 ## - SOURCE DATA FOUND
- Source citation: Work cat.: (OSt): Monckhoven, Van D, A popular treatise photography also a description of and remarks on the stercoscope and photographic optics, 1863